<?xml version="1.0" encoding="UTF-8"?>
<record
    xmlns:xsi="http://www.w3.org/2001/XMLSchema-instance"
    xsi:schemaLocation="http://www.loc.gov/MARC21/slim http://www.loc.gov/standards/marcxml/schema/MARC21slim.xsd"
    xmlns="http://www.loc.gov/MARC21/slim">

  <leader>00212nam a2200085   4500</leader>
  <controlfield tag="001">1259042</controlfield>
  <controlfield tag="005">20260413115629.0</controlfield>
  <datafield tag="245" ind1=" " ind2=" ">
    <subfield code="a">B&#x130;L&#x130;M VE TEKN&#x130;K DERG&#x130;S&#x130; N&#x130;SAN 2026</subfield>
    <subfield code="c">T&#xDC;B&#x130;TAK</subfield>
  </datafield>
  <datafield tag="260" ind1=" " ind2=" ">
    <subfield code="b">T&#xDC;B&#x130;TAK YAYINLARI</subfield>
  </datafield>
  <datafield tag="999" ind1=" " ind2=" ">
    <subfield code="c">1259042</subfield>
    <subfield code="d">1259042</subfield>
  </datafield>
</record>
